[Event "Astana Open GM-norm 2018"]
[Site "Astana"]
[Date "2018.06.21"]
[Round "5"]
[White "Arystanbek, Urazayev"]
[Black "Baurzhan, Kassimov"]
[Result "1/2-1/2"]
[WhiteElo "2303"]
[BlackElo "2386"]
[Annotator "NA"]
[PlyCount "48"]
[EventDate "2018.06.17"]
[EventType "tourn"]
[EventCountry "KAZ"]
[SourceTitle "playchess.com"]
[Source "ChessBase"]
[SourceQuality "1"]
[TimeControl "5400+30"]

1. e4 {[%emt 0:00:02]} e5 {[%emt 0:11:16]} 2. Nf3 {[%emt 0:00:10]} Nc6 {[%emt 0:00:04]} 3. Bb5 {[%emt 0:00:05]} Nf6 {[%emt 0:00:14]} 4. O-O {[%emt 0:04:21]} Nxe4 {[%emt 0:00:11]} 5. d4 {[%emt 0:00:13]} Nd6 {[%emt 0:00:04]} 6. dxe5 {[%emt 0:00:11]} Nxb5 {[%emt 0:00:26]} 7. a4 {[%emt 0:00:05]} Nbd4 {[%emt 0:00:47]} 8. Nxd4 {[%emt 0:00:07]} Nxd4 {[%emt 0:00:03]} 9. Qxd4 {[%emt 0:00:10]} d5 {[%emt 0:00:25]} 10. exd6 {[%emt 0:00:12]} Qxd6 {[%emt 0:00:05]} 11. Qe4+ {[%emt 0:00:14]} Qe6 {[%emt 0:00:15]} 12. Qd4 {[%emt 0:00:05]} Qd6 {[%emt 0:00:27]} 13. Qe3+ {[%emt 0:00:06]} Be7 {[%emt 0:04:55]} 14. Nc3 {[%emt 0:01:10]} c6 {[%emt 0:04:27]} 15. Re1 {[%emt 0:00:34]} Be6 {[%emt 0:08:41]} 16. Ne4 {[%emt 0:00:24]} Qc7 {[%emt 0:04:17]} 17. Nc5 {[%emt 0:00:26]} Bxc5 {[%emt 0:00:33]} 18. Qxc5 {[%emt 0:00:05]} Qe7 {[%emt 0:00:14]} 19. Qe5 {[%emt 0:00:36]} O-O {[%emt 0:00:52]} 20. Bh6 {[%emt 0:00:25]} gxh6 {[%emt 0:04:06]} 21. Ra3 {[%emt 0:00:15]} f6 {[%emt 0:02:51]} 22. Rg3+ {[%emt 0:07:34]} Kh8 {[%emt 0:00:10]} 23. Qxe6 {[%emt 0:00:13]} Qxe6 {[%emt 0:00:08]} 24. Rxe6 {[%emt 0:00:04]} Rae8 {[%emt 0:01:17]} 1/2-1/2

[Event "Astana Open GM-norm 2018"]
[Site "Astana"]
[Date "2018.06.21"]
[Round "5"]
[White "Gulmira, Dauletova"]
[Black "Kazybek, Nogerbek"]
[Result "1/2-1/2"]
[WhiteElo "2273"]
[BlackElo "2293"]
[Annotator "NA"]
[PlyCount "35"]
[EventDate "2018.06.17"]
[EventType "tourn"]
[EventCountry "KAZ"]
[SourceTitle "playchess.com"]
[Source "ChessBase"]
[SourceQuality "1"]
[TimeControl "5400+30"]

1. e4 {[%emt 0:00:39]} c5 {[%emt 0:00:11]} 2. Nf3 {[%emt 0:00:11]} Nc6 {[%emt 0:00:07]} 3. d4 {[%emt 0:00:27]} cxd4 {[%emt 0:00:09]} 4. Nxd4 {[%emt 0:00:06]} e5 {[%emt 0:00:11]} 5. Nb5 {[%emt 0:00:08]} d6 {[%emt 0:00:05]} 6. N1c3 {[%emt 0:00:59]} a6 {[%emt 0:00:39]} 7. Na3 {[%emt 0:00:04]} Be7 {[%emt 0:00:09]} 8. Nc4 {[%emt 0:00:16]} b5 {[%emt 0:00:11]} 9. Ne3 {[%emt 0:00:09]} Nf6 {[%emt 0:00:12]} 10. Bd3 {[%emt 0:00:37]} O-O {[%emt 0:00:16]} 11. O-O {[%emt 0:00:26]} Rb8 {[%emt 0:00:07]} 12. a3 {[%emt 0:01:02]} Re8 {[%emt 0:07:30]} 13. Re1 {[%emt 0:01:59]} Be6 {[%emt 0:08:10]} 14. Ncd5 {[%emt 0:03:11]} Nd7 {[%emt 0:01:50]} 15. c3 {[%emt 0:01:00]} Bg5 {[%emt 0:01:36]} 16. Nb4 {[%emt 0:03:03]} Rb6 {[%emt 0:07:07]} 17. Nxc6 {[%emt 0:17:37]} Rxc6 {[%emt 0:00:21]} 18. a4 {[%emt 0:00:07]} 1/2-1/2

[Event "Astana Open GM-norm 2018"]
[Site "Astana"]
[Date "2018.06.22"]
[Round "6"]
[White "Jakhongir, Vakhidov"]
[Black "Vitaly, Sivuk"]
[Result "1/2-1/2"]
[WhiteElo "2546"]
[BlackElo "2526"]
[Annotator "TA"]
[PlyCount "145"]
[EventDate "2018.06.17"]
[EventType "tourn"]
[EventCountry "KAZ"]
[SourceTitle "playchess.com"]
[Source "ChessBase"]
[SourceQuality "1"]

{[%evp 18,145,31,23,48,13,19,0,0,0,0,0,0,0,0,0,0,0,18,10,7,0,0,0,0,0,0,0,0,-5,0,0,0,0,0,0,0,-73,-72,-64,-75,-88,-87,-77,-79,-43,-27,-41,0,-30,0,-41,-23,-33,-33,-56,-46,-52,0,0,0,0,0,-8,-8,-8,-8,-8,-8,-8,-8,-8,-8,-162,-119,-289,16,20,16,16,16,18,23,-8,-8,-50,0,0,0,0,518,0,0,-139,-153,-160,-160,-160,-160,-160,0,-145,-145,-155,0,-343,0,0,0,0,0,0,0,0,0,0,0,0,0,0,0,0,0,0,0,0,0,0,0,0]} 1. d4 Nf6 2. c4 g6 3. g3 Bg7 4. Bg2 O-O 5. Nc3 d6 6. Nf3 Nc6 7. O-O e5 8. dxe5 {E62: Königsindisch (6...Sc6)} (8. d5 Nb8 9. Ne1 a5 10. Nd3 Na6 11. e4 Nd7 12. Be3 Ndc5 13. Nxc5 Nxc5 14. Qd2 f5 15. exf5 gxf5 16. f4 e4 {1-0 (50) Svidler,P (2753)-Yu,Y (2759) Shenzhen 2018}) 8... Nxe5 9. b3 Nxf3+ 10. Bxf3 {LiveBook: 10 Partien. Weiß steht etwas besser.} Re8 11. Bg5 $146 ({Vorgänger:} 11. Bb2 Bh3 12. Re1 c6 13. Qd2 Qe7 14. Rad1 Rad8 15. Qd4 Ng4 16. Nd5 Qe5 17. Nf4 Qxd4 18. Bxd4 Bxd4 19. Rxd4 {½-½ (39) Kopylov,M (2424)-Kollars,D (2498) Germany 2018}) 11... h6 12. Be3 Bh3 13. Re1 Rxe3 14. fxe3 c6 15. Rc1 Qe7 16. Qd3 Re8 17. Bg2 Bg4 18. Red1 h5 {[%cal Bh6h5,Bh5h4][%mdl 32]} 19. Kh1 (19. Qxd6 $2 Qxe3+ 20. Kh1 Bxe2 $19) 19... h4 20. Qxd6 Qxe3 21. Qf4 Qxf4 22. gxf4 Nh5 23. Bf3 Bxf3+ 24. exf3 Nxf4 25. Ne4 f5 $1 {[%cal Rf5e4]} 26. Nd6 Re2 27. Re1 (27. Nxb7 $11 {bleibt in der Remisbreite.} Nh3 28. Rd6) 27... Rxa2 $17 28. Re8+ Kh7 29. Re7 Nd3 $1 {[%cal Rd3c1]} 30. Rf1 Kh6 $1 31. Nf7+ Kh5 32. Nd8 $1 Be5 33. Rh7+ Kg5 34. Nf7+ (34. f4+ $5 Bxf4 35. Ne6+ Kg4 36. Nxf4 Nxf4 37. Rg1+ Kf3 38. Rxh4 $11) 34... Kf6 35. Nxe5 Kxe5 36. Rxh4 $11 {[%mdl 4096] Endspiel KTT-KTS} g5 37. Rh7 b6 (37... Kf4 $1 $15) 38. Rd7 Nf2+ 39. Kg2 Nd1+ 40. Kh3 Ne3 41. Rg1 $1 $132 {[%mdl 2048] Weiss puts up resistance} Kf4 42. Rd4+ Kxf3 {Weiss muss nun ...Sg2 beachten.} 43. Rg3+ Ke2 44. Rxg5 Rb2 45. Kg3 $2 (45. Kh4 $11) 45... Rxb3 $19 46. Kf4 $2 (46. Rd7 $17) 46... Rb1 $2 (46... c5 $1 $19 {[%cal Rc5d4]} 47. Rd7 Rb4) 47. Rg3 $1 $11 {[%cal Rg3e3]} Rf1+ 48. Kg5 a5 49. Rf4 {Und weiter mit Txe3+! wäre nett.} Rd1 $1 50. c5 b5 51. h4 a4 (51... Rd8 $5 {[%cal Rd8g8]} 52. Rff3 Rg8+ 53. Kf4 Ng2+ 54. Ke5 Rxg3 55. Rxg3 Nxh4 $15) 52. h5 a3 53. Rh4 $1 {[%cal Rh4h2]} Rf1 $2 {[%mdl 8192]} (53... Kf2 $11 {und Schwarz steht sicher.} 54. Rhh3 f4 $1 {[%mdl 512]} 55. Kxf4 Rd4+ 56. Ke5 Rd5+ 57. Ke4 a2 58. Rf3+ Kg2 59. Kxe3 Rg5) 54. Rh2+ $2 (54. h6 $18 a2 55. Rh2+ Rf2 56. Rh1) 54... Rf2 55. Rh1 (55. Rgh3 $11) 55... f4 $17 56. Rgh3 f3 57. h6 Rg2+ 58. Kf4 Rg4+ 59. Ke5 Rg8 {Und ...f2 würde nun gewinnen.} 60. h7 {[#]} Re8+ $2 ({Lieber} 60... Rh8 $1 $17 {zielt auf ...f2 ab.} 61. Kf4 Nd5+ 62. Kg3 b4 63. R3h2+ Ke3 64. Re1+ Kd4) 61. Kd6 $2 {[%mdl 8192] [#]} (61. Kd4 $11 {und Weiss muss sich keine Sorgen machen.} a2 62. h8=R Rxh8 63. Rxh8 Nc2+ 64. Kc3 a1=Q+ 65. Rxa1 Nxa1 66. Re8+ Kd1 67. Rd8+ Ke1 68. Re8+ Kd1 69. Rd8+ Ke1 70. Re8+ Kd1) 61... Rh8 $2 ({Günstiger ist} 61... b4 $1 $19 {[%cal Rb4b3]} 62. Ra1 (62. Kxc6 b3 $17) 62... Nc4+ 63. Kd7 Rh8) 62. Kxc6 {Die Stellung ist ausgeglichen.} b4 63. Kb5 $1 {[%cal Rb5b4]} a2 {Droht ...b3 und aus.} 64. Kxb4 {Droht stark Kb3.} a1=Q 65. Rxa1 ({Aber nicht} 65. R3h2+ $2 f2 $19) 65... Nc2+ 66. Kc3 $1 Nxa1 $11 {KTS-KT} 67. Rh1 f2 68. Rxa1 Rxh7 {...Th4 ist eine echte Drohung.} 69. Kc4 f1=Q 70. Rxf1 Kxf1 71. Kd5 Rh5+ 72. Kd6 Rxc5 73. Kxc5 {Precision: Weiß = 60%, Schwarz = 72%.} 1/2-1/2

[Event "Astana Open GM-norm 2018"]
[Site "Astana"]
[Date "2018.06.22"]
[Round "6"]
[White "Tair, Vahidov"]
[Black "Gulmira, Dauletova"]
[Result "1-0"]
[WhiteElo "2405"]
[BlackElo "2273"]
[Annotator "NA"]
[PlyCount "91"]
[EventDate "2018.06.17"]
[EventType "tourn"]
[EventCountry "KAZ"]
[SourceTitle "playchess.com"]
[Source "ChessBase"]
[SourceQuality "1"]
[TimeControl "5400+30"]

1. Nf3 {[%emt 0:00:09]} d5 {[%emt 0:00:24]} 2. g3 {[%emt 0:01:20]} c6 {[%emt 0:00:24]} 3. Bg2 {[%emt 0:01:06]} Bg4 {[%emt 0:00:12]} 4. d4 {[%emt 0:00:25]} Nd7 {[%emt 0:01:18]} 5. Nbd2 {[%emt 0:00:47]} Ngf6 {[%emt 0:00:28]} 6. O-O {[%emt 0:00:28]} e6 {[%emt 0:00:42]} 7. Re1 {[%emt 0:00:37]} Be7 {[%emt 0:00:32]} 8. e4 {[%emt 0:00:25]} O-O {[%emt 0:00:44]} 9. c3 {[%emt 0:01:23]} Bh5 {[%emt 0:00:43]} 10. h3 {[%emt 0:09:00] D02: 1 d4 d5 2 Nf3 sidelines, including 2...Nf6 3 g3 and 2...Nf6 3 Bf4} Bg6 {[%emt 0:01:58]} 11. exd5 {[%emt 0:06:32]} (11. e5 Ne4 12. Nxe4 Bxe4 13. Nh2 Bg6 14. h4 h6 15. Bf1 c5 16. Bd3 Bxd3 17. Qxd3 cxd4 18. cxd4 {1-0 (38) Anand,V (2773)-McShane,L (2684) London 2013 CBM 158 [Ramirez Alvarez,Alejandro]}) 11... cxd5 {[%emt 0:05:25]} 12. a4 {[%emt 0:00:24]} Ne4 $146 {[%emt 0:10:02]} 13. Nxe4 {[%emt 0:02:03]} Bxe4 {[%emt 0:00:05]} 14. Bf1 {[%emt 0:00:34]} Rc8 {[%emt 0:03:38]} 15. a5 {[%emt 0:05:06]} a6 {[%emt 0:03:26]} 16. Nd2 {[%emt 0:01:55]} Bg6 {[%emt 0:00:39]} 17. Qb3 {[%emt 0:00:34]} Qc7 {[%emt 0:02:02]} 18. Nf3 {[%emt 0:10:06]} Bd6 {[%emt 0:00:35]} 19. Nh4 {[%emt 0:09:56]} Be4 {[%emt 0:03:00]} 20. Ng2 {[%emt 0:00:08]} e5 {[%emt 0:05:54]} 21. Be3 {[%emt 0:00:29]} Rfe8 {[%emt 0:03:13]} 22. Qd1 {[%emt 0:03:05]} h6 {[%emt 0:11:23]} 23. Be2 {[%emt 0:25:15]} Nf6 {[%emt 0:11:17]} 24. dxe5 {[%emt 0:01:38]} Bxe5 {[%emt 0:00:02]} 25. Bf1 {[%emt 0:06:16]} Qd7 {[%emt 0:06:32]} 26. Nf4 {[%emt 0:00:20]} Bf5 {[%emt 0:07:32]} 27. Kh2 {[%emt 0:01:05]} g5 $14 {[%emt 0:03:13]} 28. Bd4 {[%emt 0:04:00]} Ne4 {[%emt 0:05:55]} 29. Bxe5 {[%emt 0:01:13]} Rxe5 {[%emt 0:00:01]} 30. Qd4 {[%emt 0:00:48]} Qd6 {[%emt 0:05:03]} 31. Nd3 {[%emt 0:00:16]} Re6 {[%emt 0:00:23]} 32. Nb4 {[%emt 0:00:15]} Rc5 {[%emt 0:00:46]} 33. Rad1 {[%emt 0:00:46]} g4 {[%emt 0:07:55]} 34. h4 {[%emt 0:04:13]} f6 {[%emt 0:01:10]} 35. Nxd5 {[%emt 0:00:53]} Re5 {[%emt 0:00:29]} 36. Ne3 {[%emt 0:00:46]} Qe6 {[%emt 0:00:35]} 37. Bc4 {[%emt 0:01:17]} Rxc4 {[%emt 0:00:03]} 38. Nxc4 {[%emt 0:00:12]} Nxf2 {[%emt 0:01:01]} 39. Rxe5 {[%emt 0:01:37]} fxe5 {[%emt 0:00:12]} 40. Qxf2 {[%emt 0:00:11]} Qxc4 {[%emt 0:00:50]} 41. Rd8+ {[%emt 0:00:06]} Kg7 {[%emt 0:00:04]} 42. Qxf5 {[%emt 0:00:08]} Qe2+ {[%emt 0:00:17]} 43. Kg1 {[%emt 0:00:07]} Qe1+ {[%emt 0:00:16]} 44. Kg2 {[%emt 0:00:09]} Qe2+ {[%emt 0:00:18]} 45. Qf2 {[%emt 0:00:07]} Qe4+ {[%emt 0:00:03]} 46. Kh2 {[%emt 0:00:09]} 1-0

[Event "Astana Open GM-norm 2018"]
[Site "Astana"]
[Date "2018.06.22"]
[Round "6"]
[White "Baurzhan, Kassimov"]
[Black "Ivan, Bocharov"]
[Result "0-1"]
[WhiteElo "2386"]
[BlackElo "2569"]
[Annotator "TA"]
[PlyCount "98"]
[EventDate "2018.06.17"]
[EventType "tourn"]
[EventCountry "KAZ"]
[SourceTitle "playchess.com"]
[Source "ChessBase"]
[SourceQuality "1"]

{[%evp 15,98,-4,0,-27,-12,-37,-30,-8,-17,-23,-18,-18,40,5,-9,6,20,-3,0,0,0,0,0,-21,0,-21,-14,-14,-18,-11,0,0,0,-45,-52,-53,-56,-49,-37,-33,-45,-53,-63,-65,-66,-68,-45,-66,-44,-114,-95,-126,-137,-168,-112,-111,-97,-138,0,0,0,-68,-70,-71,-67,-56,-12,-22,-31,-141,-112,-163,-152,-154,-134,-260,-260,-394,-332,-522,-516,-480,-475,-539,-526]} 1. e4 e5 2. Nf3 Nc6 3. d4 exd4 4. Nxd4 Nf6 {[%cal Bg8f6,Bf6d5,Bd5e7,Be7g6][%mdl 32]} 5. Nxc6 bxc6 6. Qe2 {C45: Scotch Game} (6. Bd3 d5 7. exd5 cxd5 8. O-O Be7 9. h3 O-O 10. Re1 c5 11. Nd2 Bb7 12. Nf3 Bd6 13. c3 Qc7 14. Be3 Rfe8 15. Qc2 h6 16. Rad1 Rad8 {½-½ (40) Jobava,B (2663)-Ragger,M (2672) Brest 2018}) 6... Bc5 7. e5 Nd5 8. c4 Ne7 {LiveBook: 6 Games} 9. Nc3 O-O 10. Bg5 Qe8 11. O-O-O Ng6 12. Na4 $146 ({Predecessor:} 12. Re1 Qe6 13. Bd2 d6 14. exd6 cxd6 {1-0 (47) Medina Masdeu,R (2122)-Porras Mateo,F (2349) Barcelona 2018}) 12... Be7 13. Bd2 f6 (13... d6 $11) 14. exf6 Bxf6 15. Qxe8 Rxe8 16. f4 d6 17. Bd3 Nh4 18. g3 Nf3 19. Bc3 Bh3 $36 {[%mdl 2048] White is under pressure.} 20. Bxf6 gxf6 21. Bf1 $1 {[%cal Rf1h3]} Bxf1 22. Rdxf1 Re3 23. Nc3 Rae8 24. Rf2 Ne1 {aiming for ...Nd3+.} 25. Rd2 Kf7 26. Rf1 Nf3 27. Rdf2 $1 {[%cal Rf2f3]} Nd4 28. Nd1 R3e7 29. Rd2 c5 30. Nc3 c6 31. b3 h5 32. Kb2 (32. Rd3 $15) 32... Kg6 $17 33. Rfd1 Kf5 34. Na4 Rb7 (34... Kg4 $19 35. Nc3 Rh8) 35. Nc3 Kg4 36. Rf1 {[#]} Nf5 ({Black should play} 36... f5 $1 $17) 37. Nd1 $1 $11 Nd4 38. f5 (38. Nc3 $1 $11) 38... Rbe7 $15 39. Rf4+ Kg5 40. Nc3 Nxf5 41. Rdf2 Re5 42. h3 {[#]} (42. h4+ $15 Kg6 43. g4 hxg4 44. Rxg4+ Kf7 45. Rgf4) 42... R8e6 $1 $17 43. g4 (43. h4+ $17 Kg6 44. Ne4) 43... Nh4 44. Kc2 Re3 45. Kd2 (45. Kb2 $17) 45... Rxh3 $19 46. Rxf6 (46. gxh5 {was necessary.} f5 47. Ne2) 46... Ree3 ({Weaker is} 46... Rxf6 47. Ne4+ Kxg4 48. Nxf6+ Kg5 49. Ne4+ Kh6 50. Rf6+ Ng6 51. Rxd6 $11) 47. Ne2 (47. gxh5 {might work better.} Rd3+ 48. Kc1 Rxc3+ 49. Kb2) 47... Ref3 {Black is clearly winning.} 48. R6xf3 Rxf3 ({Less strong is} 48... Nxf3+ 49. Ke3 $19) 49. Rxf3 Nxf3+ {Precision: White = 39%, Black = 54%.} 0-1

[Event "Astana Open GM-norm 2018"]
[Site "Astana"]
[Date "2018.06.22"]
[Round "6"]
[White "Arystanbek, Urazayev"]
[Black "Zhanibek, Amanov"]
[Result "0-1"]
[WhiteElo "2303"]
[BlackElo "2340"]
[Annotator "NA"]
[PlyCount "86"]
[EventDate "2018.06.17"]
[EventType "tourn"]
[EventCountry "KAZ"]
[SourceTitle "playchess.com"]
[Source "ChessBase"]
[SourceQuality "1"]
[TimeControl "5400+30"]

1. e4 {[%emt 0:00:14] Schussler,H} e5 {[%emt 0:01:17]} 2. Nf3 {[%emt 0:00:10]} Nc6 {[%emt 0:00:07]} 3. Bb5 {[%emt 0:00:06]} a6 {[%emt 0:00:15]} 4. Ba4 {[%emt 0:00:09]} d6 {[%emt 0:00:07]} 5. O-O {[%emt 0:01:14]} Bg4 {[%emt 0:00:30]} 6. h3 {[%emt 0:06:17]} h5 {[%emt 0:00:37]} 7. c3 {[%emt 0:04:42]} Qf6 {[%emt 0:01:21]} 8. d3 {[%emt 0:02:11] C72: Ruy Lopez: Deferred Steinitz: 5 0-0} Bxf3 {[%emt 0:01:22]} 9. Qxf3 {[%emt 0:00:21]} Qxf3 {[%emt 0:00:08]} 10. gxf3 {[%emt 0:00:09]} Nge7 {[%emt 0:00:13]} 11. f4 {[%emt 0:06:00]} O-O-O {[%emt 0:07:19]} (11... exf4 12. Bxf4 O-O-O 13. Nd2 g5 14. Be3 Bh6 15. f4 g4 16. hxg4 hxg4 {½-½ (37) Svidler,P (2746)-Grischuk,A (2716) Baku 2008}) 12. Bb3 {[%emt 0:09:54]} f6 $146 {[%emt 0:12:24]} ({Predecessor:} 12... exf4 13. Bxf4 d5 14. Nd2 g5 15. Be3 Bh6 {1-0 (34) Adams,M (2630)-Piket,J (2245) Wijk aan Zee 1993 CBM 034 [Schussler,H]}) 13. Kh1 {[%emt 0:04:41]} g6 {[%emt 0:04:04]} 14. Na3 {[%emt 0:11:07]} Bh6 {[%emt 0:01:51]} 15. f5 {[%emt 0:04:44]} Bxc1 {[%emt 0:04:29]} 16. Raxc1 {[%emt 0:00:19]} d5 {[%emt 0:16:36]} 17. exd5 {[%emt 0:09:24]} Na5 {[%emt 0:01:45]} 18. Bc2 {[%emt 0:06:04]} Rxd5 {[%emt 0:00:42]} 19. fxg6 {[%emt 0:00:54]} Nxg6 {[%emt 0:00:08]} 20. d4 {[%emt 0:01:35]} Nf4 {[%emt 0:00:05]} 21. Be4 {[%emt 0:02:57]} Rdd8 {[%emt 0:00:03]} 22. dxe5 {[%emt 0:01:15]} fxe5 {[%emt 0:00:45]} 23. b4 {[%emt 0:03:16]} Nc6 {[%emt 0:00:07]} 24. Nc4 {[%emt 0:02:05]} b5 {[%emt 0:04:49]} 25. Ne3 {[%emt 0:03:50]} Ne7 {[%emt 0:00:27]} 26. a4 {[%emt 0:05:33]} bxa4 $11 {[%emt 0:24:28]} 27. Ra1 {[%emt 0:06:17]} Nxh3 {[%emt 0:06:37]} 28. Rxa4 {[%emt 0:01:32]} Rhf8 {[%emt 0:01:32]} 29. Kg2 {[%emt 0:04:53]} Ng5 {[%emt 0:02:47]} 30. b5 {[%emt 0:01:47]} Rf4 {[%emt 0:01:48]} 31. Bc2 {[%emt 0:01:23]} Rxa4 {[%emt 0:01:01]} 32. Bxa4 {[%emt 0:00:04]} axb5 {[%emt 0:00:39]} 33. Bxb5 {[%emt 0:00:06]} c6 {[%emt 0:02:53]} 34. Be2 {[%emt 0:00:06]} Ng6 {[%emt 0:00:17]} 35. Kh2 {[%emt 0:00:43]} Nf4 {[%emt 0:00:13]} 36. Ba6+ {[%emt 0:00:43]} Kc7 {[%emt 0:00:01]} 37. Rb1 {[%emt 0:00:48]} Rg8 {[%emt 0:01:49]} 38. Nf5 {[%emt 0:00:34]} Nf3+ {[%emt 0:00:32]} 39. Kh1 {[%emt 0:00:04]} Rg2 {[%emt 0:01:53]} 40. Rb7+ {[%emt 0:01:26]} Kd8 {[%emt 0:00:00]} 41. Rb8+ {[%emt 0:00:43]} Kd7 {[%emt 0:00:30]} 42. Bc8+ {[%emt 0:00:24]} Kc7 {[%emt 0:00:20]} 43. Rb7+ {[%emt 0:00:13]} Kd8 {[%emt 0:00:33]} 0-1

[Event "Astana Open GM-norm 2018"]
[Site "Astana"]
[Date "2018.06.23"]
[Round "7"]
[White "Bocharov, Ivan"]
[Black "Vakhidov, Jakhongir"]
[Result "1/2-1/2"]
[WhiteElo "2569"]
[BlackElo "2546"]
[Annotator "TA"]
[PlyCount "31"]
[EventDate "2018.06.17"]
[EventType "tourn"]
[EventCountry "KAZ"]
[SourceTitle "playchess.com"]
[Source "ChessBase"]
[SourceQuality "1"]

{[%evp 27,31,0,0,0,0,-13]} 1. e4 c5 2. Nf3 g6 3. Nc3 Bg7 4. d4 cxd4 5. Nxd4 Nc6 6. Be3 Nf6 7. Bc4 O-O 8. Bb3 d6 9. f3 Bd7 10. Qd2 Nxd4 11. Bxd4 b5 12. h4 a5 13. a4 bxa4 14. Nxa4 h5 {LiveBook: 7 Games. B77: Sicilian Dragon: Yugoslav Attack, 9 Bc4 sidelines} 15. O-O {[#]} (15. Nb6 Ra6 16. Nxd7 Nxd7 17. Bxg7 Kxg7 18. Bc4 Ra8 19. Qd4+ {½-½ (19) Vachier Lagrave,M (2795)-Radjabov,T (2710) Moscow 2017}) 15... Qc7 $146 ({Predecessor:} 15... Bb5 16. Rfd1 Nd7 17. Nc3 Bxd4+ 18. Qxd4 Bc6 19. Ba4 Bxa4 20. Rxa4 Nb6 21. Ra3 Qc7 22. Rb3 {0-1 (58) Fedorchuk,S (2656)-David,A (2587) Evry 2009}) 16. Rfe1 1/2-1/2

[Event "Astana Open GM-norm 2018"]
[Site "Astana"]
[Date "2018.06.23"]
[Round "7"]
[White "Sivuk, Vitaly"]
[Black "Nogerbek, Kazybek"]
[Result "1-0"]
[WhiteElo "2526"]
[BlackElo "2293"]
[Annotator "TA"]
[PlyCount "38"]
[EventDate "2018.06.17"]
[EventType "tourn"]
[EventCountry "KAZ"]
[SourceTitle "playchess.com"]
[Source "ChessBase"]
[SourceQuality "1"]

{[%evp 22,38,45,18,64,55,55,63,68,42,40,33,40,24,28,18,25,26,38]} 1. d4 d5 2. c4 e6 3. Nf3 Be7 4. g3 Nf6 5. Bg2 O-O 6. O-O c6 7. Qc2 Nbd7 8. Nbd2 b6 9. e4 dxe4 10. Nxe4 Nxe4 11. Qxe4 Bb7 12. Rd1 {LiveBook: 167 Games} h6 {E09: Closed Catalan: Main Line: 7 Qc2 c6 8 Nbd2} (12... Nf6 13. Qe2 Qc8 14. Bf4 Rd8 15. Rac1 Bd6 16. Bxd6 Rxd6 17. c5 Rd8 18. Ne5 Nd5 19. Be4 Qc7 20. a3 g6 21. h4 f6 22. cxb6 axb6 23. Nxc6 Bxc6 24. Bxd5 exd5 25. Qe6+ Qf7 26. Rxc6 {1-0 (26) Mareco,S (2645)-Leskovar,M (2306) chess.com INT 2017}) 13. Bf4 Nf6 14. Qe2 Qc8 {White is slightly better.} 15. Rd3 $146 ({Predecessor:} 15. h4 Rd8 16. Rac1 {1-0 (41) Birnboim,N (2365)-Raikin,L (2180) Marianske Lazne 2016}) 15... Re8 16. Rad1 c5 17. b3 cxd4 18. Nxd4 Bxg2 19. Kxg2 Qb7+ 1-0

[Event "Astana Open GM-norm 2018"]
[Site "Astana"]
[Date "2018.06.23"]
[Round "7"]
[White "Kuderinov, Kirill"]
[Black "Vahidov, Tair"]
[Result "0-1"]
[WhiteElo "2455"]
[BlackElo "2405"]
[Annotator "TA"]
[PlyCount "31"]
[EventDate "2018.06.17"]
[EventType "tourn"]
[EventCountry "KAZ"]
[SourceTitle "playchess.com"]
[Source "ChessBase"]
[SourceQuality "1"]

{[%evp 8,8,49]} 1. e4 e5 2. Nf3 Nf6 3. Nxe5 d6 4. Nf3 Nxe4 {Predecessor:} 5. Nc3 $146 Nxc3 6. dxc3 Be7 7. Be3 O-O 8. Qd2 b6 9. O-O-O Bb7 10. h4 Nd7 11. Bd3 Re8 12. Kb1 Bf6 13. Rh3 Nc5 14. Bxc5 bxc5 15. g4 c4 16. Bxc4 {½-½ (26) Caruana,F (2822)-Mamedyarov,S (2808) Stavanger 2018} 0-1

[Event "Astana Open GM-norm 2018"]
[Site "Astana"]
[Date "2018.06.23"]
[Round "7"]
[White "Dauletova, Gulmira"]
[Black "Urazayev, Arystanbek"]
[Result "1-0"]
[WhiteElo "2273"]
[BlackElo "2303"]
[Annotator "TA"]
[PlyCount "81"]
[EventDate "2018.06.17"]
[EventType "tourn"]
[EventCountry "KAZ"]
[SourceTitle "playchess.com"]
[Source "ChessBase"]
[SourceQuality "1"]

{[%evp 32,81,51,45,114,53,56,47,47,49,68,41,55,-12,0,0,0,0,0,0,0,0,0,0,0,0,44,62,67,55,94,110,143,9,83,91,569,554,635,636,733,735,704,690,768,753,1025,1023,29985,29986,29986,29985]} 1. e4 e6 2. d4 d5 3. Nd2 Nf6 4. e5 Nfd7 5. Bd3 c5 6. c3 Nc6 7. Ne2 cxd4 8. cxd4 f6 9. exf6 Nxf6 10. Nf3 Bd6 11. O-O O-O 12. Bf4 Bxf4 13. Nxf4 Ne4 14. Ne2 Rxf3 15. gxf3 Ng5 16. Kh1 e5 {C06: French Tarrasch: 3...Nf6 4 e5 Nfd7 5 Bd3 main lines} 17. Qb3 {LiveBook: 7 Games. dxe5 is the strong threat.} Qf6 {[#]} (17... Kh8 $14) 18. f4 $146 ({Don't blunder} 18. Qxd5+ $2 Be6 $19) (18. Be4 $1 $16) ({Predecessor:} 18. Be4 Ne7 19. Nc3 Nxe4 20. Nxe4 Qf4 21. dxe5 Bd7 22. Rg1 Qxe5 23. Rae1 Bc6 24. Ng5 {1-0 (43) Safarli,E (2668)-Volkov,S (2617) Nakhchivan 2017}) 18... exf4 $14 {White is slightly better.} 19. f3 Qf7 20. Rf2 Be6 21. Rg2 h6 22. Bc2 (22. Rag1 $14) 22... Bh3 23. Rf2 $1 Re8 {Black wants to play ...Re3.} 24. Qb5 Re3 25. Bb3 $36 {[%mdl 2048] White has some pressure.} Be6 {aiming for ...Nh3.} 26. Raf1 Nh3 27. Rg2 g5 28. Qc5 Ne7 29. Nc3 Nf5 $1 30. Bxd5 b6 31. Qc6 {Strongly threatening Be4.} Nxd4 {[#]} 32. Bxe6 (32. Qa8+ $1 $16 Kh7 33. Be4+ Nf5 34. Rd2) 32... Rxe6 (32... Qxe6 $11 {remains equal.} 33. Qxe6+ Rxe6) 33. Qc8+ $16 Kg7 $2 {[%mdl 8192]} (33... Qe8 $16 34. Qxe8+ Rxe8) 34. Rd2 $18 {[%cal Bg2d2,Bd2d7,Bd7e7,Be7e1][%mdl 32]} Nf5 35. Rd7 Ne7 36. Qb7 g4 37. fxg4 Kf8 38. Nd5 f3 39. Rxe7 Nf2+ 40. Rxf2 Re1+ 41. Rxe1 {Precision: White = 69%, Black = 25%.} 1-0

[Event "Astana Open GM-norm 2018"]
[Site "Astana"]
[Date "2018.06.24"]
[Round "8"]
[White "Tair, Vahidov"]
[Black "Vitaly, Sivuk"]
[Result "1/2-1/2"]
[WhiteElo "2405"]
[BlackElo "2526"]
[Annotator "TA"]
[PlyCount "32"]
[EventDate "2018.06.17"]
[EventType "tourn"]
[EventCountry "KAZ"]
[SourceTitle "playchess.com"]
[Source "ChessBase"]
[SourceQuality "1"]

{[%evp 22,23,18,12]} 1. d4 e6 2. e4 d5 3. Nd2 c5 4. exd5 Qxd5 5. Ngf3 cxd4 6. Bc4 Qd7 7. O-O Nc6 8. Nb3 a6 9. a4 Nf6 10. Nbxd4 Nxd4 11. Qxd4 Qxd4 12. Nxd4 {LiveBook: 28 Games} {Predecessor:} Be7 $146 13. Re1 O-O 14. Nf5 Bc5 15. Be3 Bxe3 16. Nxe3 Bd7 {½-½ (16) Timofeev,A (2593)-Safarli,E (2663) Moscow 2016} 1/2-1/2